| 000 | 00583nam a2200181Ia 4500 | ||
|---|---|---|---|
| 999 |
_c19937 _d19937 |
||
| 082 | _aRR 423 LIT-; | ||
| 100 | _aLittle, William | ||
| 245 | 0 | _aShorter oxford English dictionary: an illustrated edition of the shorter Oxford English dictionary | |
| 250 | _a3rd | ||
| 260 |
_aOxford _bClarendon Press _c1944 |
||
| 500 | _aContents: Vol.1. A-M (xxiii,1306p.) - v.2. N-Z (1307-2554p.) | ||
| 504 | _aIncludes bibliographies/ Ref. book | ||
| 650 | _aEnglish language - Dictionaries | ||
| 700 | _aFowler, H.W. | ||
| 700 | _aCoulson, J. | ||
| 700 | _aOnions, C.T. | ||
| 942 |
_cBK _2ddc |
||